Bài quyền võ hầu thượng đảnh (Thiếu lâm Nam phái) = Lesson of fists martial ape climbing up the ladder

Sách nói về bài nhu quyền cao cấp nổi tiếng của Thiếu lâm Nam phái là Võ Hầu Thượng Đảnh

Đã lưu trong:
书目详细资料
主要作者: Nhut, Phi Kim
格式: 图书
语言:Undetermined
出版: Thành phố Hồ Chí Minh Tổng hợp thành phố Hồ Chí Minh 2008
主题:
标签: 添加标签
没有标签, 成为第一个标记此记录!
Thư viện lưu trữ: Trung tâm Học liệu Trường Đại học Cần Thơ
LEADER 00879nam a2200217Ia 4500
001 CTU_185885
008 210402s9999 xx 000 0 und d
020 |c 42000 
082 |a 796.815 
082 |b K310 
100 |a Nhut, Phi Kim 
245 0 |a Bài quyền võ hầu thượng đảnh (Thiếu lâm Nam phái) = 
245 0 |b Lesson of fists martial ape climbing up the ladder 
245 0 |c Nhut Phi Kim; Southern shaolin kung fu 
260 |a Thành phố Hồ Chí Minh 
260 |b Tổng hợp thành phố Hồ Chí Minh 
260 |c 2008 
520 |a Sách nói về bài nhu quyền cao cấp nổi tiếng của Thiếu lâm Nam phái là Võ Hầu Thượng Đảnh 
650 |a Martial arts,Võ thuật 
910 |a Ngô Hồng Xuân 
980 |a Trung tâm Học liệu Trường Đại học Cần Thơ